Which NBA team do these celebrities support? - Statistics

General Stats
  • This quiz has been taken 35 times
  • The average score is 9 of 14
Answer Stats
Hint Answer % Correct
Mark Cuban Dallas Mavericks
94%
Spike Lee New York Knicks
94%
Drake Toronto Raptors
94%
Snoop Dogg Los Angeles Lakers
91%
Eminem Detroit Pistons
88%
Barack Obama Chicago Bulls
81%
Jay-Z Brooklyn Nets
78%
Will Smith Philadelphia 76ers
72%
Steve Ballmer Los Angeles Clippers
59%
Selena Gomez San Antonio Spurs
50%
Ben Stiller New York Knicks
47%
FlightReacts Golden State Warriors
34%
Billy Crystal Los Angeles Clippers
34%
Kenny Beecham (KOT4Q) Chicago Bulls
28%
No matching quizzes found
Score Distribution
Percent of People with Each Score
Percentile by Number Answered
Your Score History
You have not taken this quiz